[Event "Budapest FS07 FM-B"]
[Site "Budapest"]
[Date "2015.07.13"]
[Round "10"]
[White "Pogats, Jozsef Jr"]
[Black "Szlenka, Attila"]
[Result "1-0"]
[WhiteElo "1745"]
[BlackElo "1807"]
[PlyCount "97"]
[EventDate "2015.07.04"]
[EventType "tourn"]
[EventRounds "11"]
[EventCountry "HUN"]
[SourceTitle "CBM 167 Extra"]
[Source "ChessBase"]
[SourceDate "2015.09.14"]
[SourceVersion "1"]
[SourceVersionDate "2015.09.14"]
[SourceQuality "1"]

1. e4 Nf6 2. e5 Nd5 3. d4 d6 4. Nf3 Bg4 5. Bc4 c6 6. 0-0 e6 7. h3 Bh5 8. Bb3 Nd7 9. exd6 Bxd6 10. c4 Nc7 11. Nc3 0-0 12. Ne4 Be7 13. Bf4 Nf6 14. Ng3 Bg6 15. Ne5 Bd6 16. Nxg6 hxg6 17. Bxd6 Qxd6 18. Ne2 Rfd8 19. Qc2 Rac8 20. Rad1 b5 21. c5 Qe7 22. a4 b4 23. a5 Ncd5 24. Bxd5 Nxd5 25. b3 Qc7 26. Ra1 g5 27. Qd2 Qe7 28. f4 gxf4 29. Nxf4 Nc3 30. Qe3 Qd7 31. Kh1 Qxd4 32. Qe1 Qe4 33. Qg3 Qh7 34. Rae1 Ne4 35. Qe3 Nf6 36. Nxe6 fxe6 37. Qxe6+ Kh8 38. Rxf6 gxf6 39. Qxf6+ Qg7 40. Qh4+ Kg8 41. Re7 Rd1+ 42. Kh2 Qg6 43. Re4 Kf7 44. Qe7+ Kg8 45. Rg4 Qxg4 46. hxg4 Rcd8 47. g5 R1d7 48. Qe6+ Kf8 49. g6 1-0

[Event "Budapest FS07 FM-B"]
[Site "Budapest"]
[Date "2015.07.12"]
[Round "9"]
[White "Bacsi, Andras"]
[Black "Pogats, Jozsef Jr"]
[Result "1-0"]
[WhiteElo "1748"]
[BlackElo "1745"]
[PlyCount "59"]
[EventDate "2015.07.04"]
[EventType "tourn"]
[EventRounds "11"]
[EventCountry "HUN"]
[SourceTitle "CBM 167 Extra"]
[Source "ChessBase"]
[SourceDate "2015.09.14"]
[SourceVersion "1"]
[SourceVersionDate "2015.09.14"]
[SourceQuality "1"]

1. e4 c5 2. Nf3 Nc6 3. d4 cxd4 4. Nxd4 Nf6 5. Nc3 d6 6. Be2 e5 7. Nb3 Be7 8. 0-0 0-0 9. Be3 a5 10. a4 Nb4 11. f4 Be6 12. Kh1 Rc8 13. Bd3 Nxd3 14. cxd3 exf4 15. Rxf4 Nd7 16. Nd4 Ne5 17. Nxe6 fxe6 18. Rxf8+ Bxf8 19. Qe2 d5 20. exd5 exd5 21. Bd4 Nc6 22. Qe6+ Kh8 23. Bg1 Nb4 24. Rf1 Nxd3 25. Nxd5 Nxb2 26. Bd4 Ba3 27. Bxg7+ Kxg7 28. Rf7+ Kh8 29. Qe5+ Kg8 30. Qg7# 1-0

[Event "Budapest FS07 FM-B"]
[Site "Budapest"]
[Date "2015.07.11"]
[Round "8"]
[White "Pogats, Jozsef Jr"]
[Black "Norooz, Melika"]
[Result "1-0"]
[WhiteElo "1745"]
[BlackElo "1605"]
[PlyCount "137"]
[EventDate "2015.07.04"]
[EventType "tourn"]
[EventRounds "11"]
[EventCountry "HUN"]
[SourceTitle "CBM 167 Extra"]
[Source "ChessBase"]
[SourceDate "2015.09.14"]
[SourceVersion "1"]
[SourceVersionDate "2015.09.14"]
[SourceQuality "1"]

1. e4 e5 2. Nf3 Nc6 3. Bb5 Nf6 4. 0-0 Nxe4 5. d4 Be7 6. dxe5 d5 7. c3 0-0 8. Bf4 Bg4 9. Be2 f6 10. exf6 Bxf6 11. Be3 Ne5 12. Nxe5 Bxe2 13. Qxe2 Bxe5 14. Nd2 Nxd2 15. Qxd2 c6 16. f4 Bd6 17. Rad1 Bc7 18. c4 Qe7 19. cxd5 cxd5 20. Qxd5+ Kh8 21. Bc5 Qxc5+ 22. Qxc5 Bb6 23. Qxb6 axb6 24. a3 Rf7 25. Rd4 Re8 26. Rfd1 Kg8 27. Rd8 Kf8 28. Rxe8+ Kxe8 29. g3 Rc7 30. Rd2 Ke7 31. Kf2 Ke6 32. g4 Ke7 33. h4 Ke6 34. Ke3 Rc5 35. f5+ Ke7 36. Ke4 Rc4+ 37. Rd4 Rc2 38. b4 Rh2 39. h5 h6 40. Kd5 Rh3 41. Re4+ Kf7 42. Re6 Rxa3 43. Rxb6 Rd3+ 44. Ke4 Rd7 45. Ke5 Re7+ 46. Re6 Rd7 47. f6 gxf6+ 48. Rxf6+ Kg7 49. Rg6+ Kh7 50. Rb6 Kg7 51. Ke6 Rf7 52. Kd5 Rd7+ 53. Rd6 Rc7 54. b5 Re7 55. Rg6+ Kh7 56. Kd6 Rf7 57. b6 Rf2 58. g5 hxg5 59. Rxg5 Rf6+ 60. Kc7 Rf7+ 61. Kb8 Kh6 62. Rc5 Re7 63. Rc7 Re1 64. Kxb7 Kxh5 65. Ka8 Re8+ 66. Ka7 Re1 67. b7 Ra1+ 68. Kb8 Re1 69. Kc8 1-0

[Event "Budapest FS07 FM-B"]
[Site "Budapest"]
[Date "2015.07.09"]
[Round "6"]
[White "Palczert, Botond"]
[Black "Pogats, Jozsef Jr"]
[Result "1-0"]
[WhiteElo "1519"]
[BlackElo "1745"]
[PlyCount "73"]
[EventDate "2015.07.04"]
[EventType "tourn"]
[EventRounds "11"]
[EventCountry "HUN"]
[SourceTitle "CBM 167 Extra"]
[Source "ChessBase"]
[SourceDate "2015.09.14"]
[SourceVersion "1"]
[SourceVersionDate "2015.09.14"]
[SourceQuality "1"]

1. e4 c5 2. Nf3 e6 3. d4 cxd4 4. Nxd4 a6 5. Bd3 Qb6 6. c3 Nc6 7. Nf3 Qc7 8. 0-0 Nf6 9. Qe2 d6 10. Bf4 Be7 11. Nbd2 0-0 12. a4 b6 13. Nc4 Nd7 14. b4 Bb7 15. Ne3 Nce5 16. Bxe5 Nxe5 17. Nxe5 dxe5 18. Rac1 Kh8 19. Nc4 g6 20. Kh1 a5 21. b5 Rab8 22. Rfd1 Bf6 23. Qe3 Ba8 24. Be2 Rfd8 25. f3 Bg7 26. Rxd8+ Qxd8 27. Rd1 Qc7 28. Rd6 Qc5 29. Rxb6 Qc7 30. Rxb8+ Qxb8 31. Nxa5 f5 32. c4 Qc7 33. b6 Qd7 34. c5 Bc6 35. Nxc6 Qxc6 36. Bb5 Qb7 37. c6 1-0

[Event "Budapest FS07 FM-B"]
[Site "Budapest"]
[Date "2015.07.08"]
[Round "5"]
[White "Pogats, Jozsef Jr"]
[Black "February, Jesse Nikki"]
[Result "0-1"]
[WhiteElo "1745"]
[BlackElo "1749"]
[PlyCount "62"]
[EventDate "2015.07.04"]
[EventType "tourn"]
[EventRounds "11"]
[EventCountry "HUN"]
[SourceTitle "CBM 167 Extra"]
[Source "ChessBase"]
[SourceDate "2015.09.14"]
[SourceVersion "1"]
[SourceVersionDate "2015.09.14"]
[SourceQuality "1"]

1. e4 c6 2. d4 d5 3. Nd2 dxe4 4. Nxe4 Nf6 5. Ng3 h5 6. h4 Bg4 7. Be2 Nbd7 8. Bg5 Qb6 9. Rb1 e6 10. c3 c5 11. f3 Qc7 12. Ne4 Bf5 13. Bxf6 gxf6 14. Nh3 Rg8 15. Kf1 Bxe4 16. fxe4 Qg3 17. Bf3 cxd4 18. cxd4 e5 19. Rc1 Bh6 20. Rc3 exd4 21. Qxd4 Ne5 22. Qf2 Qg6 23. Qe2 Rd8 24. Bxh5 Rd1+ 25. Qxd1 Qxg2+ 26. Ke1 Qxh1+ 27. Ke2 Qxe4+ 28. Kf1 Qh1+ 29. Ke2 Rg2+ 30. Nf2 Qxd1+ 31. Kxd1 Rxf2 0-1

[Event "Budapest FS07 FM-B"]
[Site "Budapest"]
[Date "2015.07.07"]
[Round "4"]
[White "Palczert, Miklos"]
[Black "Pogats, Jozsef Jr"]
[Result "0-1"]
[WhiteElo "1783"]
[BlackElo "1745"]
[PlyCount "76"]
[EventDate "2015.07.04"]
[EventType "tourn"]
[EventRounds "11"]
[EventCountry "HUN"]
[SourceTitle "CBM 167 Extra"]
[Source "ChessBase"]
[SourceDate "2015.09.14"]
[SourceVersion "1"]
[SourceVersionDate "2015.09.14"]
[SourceQuality "1"]

1. e4 c5 2. Nf3 e6 3. d4 cxd4 4. Nxd4 Nf6 5. Nc3 d6 6. Bg5 Be7 7. Qd2 a6 8. 0-0-0 Nc6 9. h4 Bd7 10. f3 Rc8 11. Kb1 Qb6 12. Be3 Qc7 13. g4 Nxd4 14. Bxd4 Bc6 15. h5 e5 16. Be3 d5 17. g5 d4 18. gxf6 dxe3 19. fxg7 Rg8 20. Qg2 h6 21. Rd3 Bg5 22. Nd1 Bb5 23. Rc3 Qd7 24. Bxb5 axb5 25. Rxc8+ Qxc8 26. Qe2 Qc5 27. Nc3 b4 28. Nd5 Rxg7 29. Rd1 b5 30. Qh2 f6 31. Qh3 e2 32. Qe6+ Kf8 33. Re1 Qf2 34. Qd6+ Kg8 35. Qxb4 Bh4 36. Rc1 Rg1 37. Ne7+ Kh7 38. Nf5 Rxc1+ 0-1

[Event "Budapest FS07 FM-B"]
[Site "Budapest"]
[Date "2015.07.05"]
[Round "2"]
[White "Schmidt, Wolfgang"]
[Black "Pogats, Jozsef Jr"]
[Result "1/2-1/2"]
[WhiteElo "1471"]
[BlackElo "1745"]
[PlyCount "40"]
[EventDate "2015.07.04"]
[EventType "tourn"]
[EventRounds "11"]
[EventCountry "HUN"]
[SourceTitle "CBM 167 Extra"]
[Source "ChessBase"]
[SourceDate "2015.09.14"]
[SourceVersion "1"]
[SourceVersionDate "2015.09.14"]
[SourceQuality "1"]

1. d4 Nf6 2. Nf3 e6 3. c4 b6 4. Nc3 Bb7 5. e3 d5 6. Bd3 Nbd7 7. cxd5 exd5 8. 0-0 Be7 9. a3 0-0 10. b4 c5 11. dxc5 bxc5 12. bxc5 Nxc5 13. Be2 Nfe4 14. Bb2 Bf6 15. Rc1 Qb6 16. Ba1 Bxc3 17. Bxc3 Nb3 18. Bd4 Nxd4 19. Nxd4 Rac8 20. Rb1 Qc7 1/2-1/2

[Event "Budapest Spring op 29th"]
[Site "Budapest"]
[Date "2013.03.26"]
[Round "8"]
[White "Horvath, Jeno Kalman"]
[Black "Pogats, Jozsef Jr"]
[Result "1/2-1/2"]
[WhiteElo "2029"]
[BlackElo "1781"]
[PlyCount "39"]
[EventDate "2013.03.18"]
[EventType "swiss"]
[EventRounds "9"]
[EventCountry "HUN"]
[SourceTitle "CBM 153 Extra"]
[Source "ChessBase"]
[SourceDate "2013.04.22"]
[SourceVersion "1"]
[SourceVersionDate "2013.04.22"]
[SourceQuality "1"]

1. e4 c5 2. c3 d5 3. exd5 Qxd5 4. d4 e6 5. Nf3 Nf6 6. Na3 a6 7. Nc4 Qd8 8. Bg5 b5 9. Nce5 Bb7 10. dxc5 Qxd1+ 11. Rxd1 Bxc5 12. Be2 0-0 13. 0-0 Nd5 14. Bc1 f6 15. Nd3 Bb6 16. Nf4 Nxf4 17. Bxf4 e5 18. Bc1 Nc6 19. Rd7 Rab8 20. Rfd1 1/2-1/2

[Event "Budapest FS09 FM-A"]
[Site "Budapest"]
[Date "2012.09.11"]
[Round "11"]
[White "Faellman, Micael"]
[Black "Pogats, Jozsef Jr"]
[Result "1-0"]
[WhiteElo "2059"]
[BlackElo "1808"]
[PlyCount "79"]
[EventDate "2012.09.01"]
[EventType "tourn"]
[EventRounds "11"]
[EventCountry "HUN"]
[SourceTitle "CBM 150 Extra"]
[Source "ChessBase"]
[SourceDate "2012.10.19"]
[SourceVersion "1"]
[SourceVersionDate "2012.10.19"]
[SourceQuality "1"]

1. d4 Nf6 2. c4 e6 3. Nc3 Bb4 4. Nf3 c5 5. g3 0-0 6. Bg2 d5 7. cxd5 Nxd5 8. Bd2 Nc6 9. a3 Bxc3 10. bxc3 cxd4 11. cxd4 Qe7 12. 0-0 Rd8 13. Qb3 Nb6 14. Rad1 h6 15. Bc3 Nd5 16. Be1 b6 17. e4 Nf6 18. Ne5 Nxe5 19. dxe5 Nd7 20. Bb4 Nc5 21. Bxc5 bxc5 22. Rd6 Bb7 23. Rfd1 Rxd6 24. exd6 Qd7 25. e5 Bxg2 26. Kxg2 Rc8 27. Qc4 Kh8 28. g4 Qc6+ 29. Kg3 Rd8 30. Rc1 Rb8 31. f3 f6 32. Qxc5 Qxc5 33. Rxc5 Rd8 34. f4 g5 35. Rc6 gxf4+ 36. Kxf4 Kg7 37. h4 fxe5+ 38. Kxe5 Kf7 39. Rc7+ Kg6 40. Kxe6 1-0

[Event "Budapest FS09 FM-A"]
[Site "Budapest"]
[Date "2012.09.01"]
[Round "1"]
[White "Krstulovic, Alex"]
[Black "Pogats, Jozsef Jr"]
[Result "1-0"]
[WhiteElo "1843"]
[BlackElo "1808"]
[PlyCount "69"]
[EventDate "2012.09.01"]
[EventType "tourn"]
[EventRounds "11"]
[EventCountry "HUN"]
[SourceTitle "CBM 150 Extra"]
[Source "ChessBase"]
[SourceDate "2012.10.19"]
[SourceVersion "1"]
[SourceVersionDate "2012.10.19"]
[SourceQuality "1"]

1. d4 Nf6 2. c4 g6 3. Nc3 Bg7 4. e4 d6 5. Be2 0-0 6. Bg5 c5 7. d5 h6 8. Be3 e6 9. h3 exd5 10. exd5 a6 11. a4 b6 12. Bd3 Nbd7 13. Nf3 Re8 14. 0-0 Nh5 15. Qd2 Kh7 16. Rfe1 Ne5 17. Nxe5 dxe5 18. a5 bxa5 19. Na4 f5 20. Bxc5 Nf4 21. Be3 Nxd3 22. Qxd3 f4 23. Bb6 Qg5 24. Nc5 Bf5 25. Ne4 Bxe4 26. Qxe4 Bf6 27. c5 Bd8 28. Bxa5 Bxa5 29. Rxa5 Rab8 30. Re2 f3 31. Qxf3 Qc1+ 32. Kh2 Rf8 33. Qe3 Qxe3 34. fxe3 e4 35. Rxa6 1-0

[Event "Budapest Spring op 28th"]
[Site "Budapest"]
[Date "2012.03.31"]
[Round "6"]
[White "Peczely, Gyorgy"]
[Black "Pogats, Jozsef Jr"]
[Result "1-0"]
[WhiteElo "1878"]
[BlackElo "1843"]
[PlyCount "105"]
[EventDate "2012.03.26"]
[EventType "swiss"]
[EventRounds "9"]
[EventCountry "HUN"]
[SourceTitle "CBM 147 Extra"]
[Source "ChessBase"]
[SourceDate "2012.04.24"]
[SourceVersion "1"]
[SourceVersionDate "2012.04.24"]
[SourceQuality "1"]

1. e4 c5 2. Nf3 Nc6 3. d4 cxd4 4. Nxd4 Nf6 5. Nc3 d6 6. f3 e6 7. Be3 a6 8. Qd2 Be7 9. 0-0-0 Qc7 10. g4 Nd7 11. h4 Na5 12. Bg5 Nf6 13. h5 h6 14. Bh4 b5 15. b3 Bd7 16. Kb1 Nc6 17. Nce2 Rb8 18. Bg3 Nxd4 19. Nxd4 a5 20. Ne2 e5 21. Bf2 a4 22. b4 Be6 23. Nc3 Bc4 24. Bxc4 Qxc4 25. a3 Rc8 26. Be1 0-0 27. Rg1 Nd7 28. Qd5 Qxd5 29. Nxd5 Bg5 30. Bd2 Rfe8 31. Bxg5 hxg5 32. Rd3 Rc6 33. Nc3 Rb6 34. Rgd1 Nb8 35. Rxd6 Rb7 36. R6d5 Nc6 37. Nxb5 Rbb8 38. c4 f6 39. Kb2 Ne7 40. Rd7 Nc8 41. Nd6 Nb6 42. Rc7 Red8 43. Kc3 Nd7 44. Nf5 Nf8 45. Rxg7+ Kh8 46. Rd2 Rxd2 47. Kxd2 Rd8+ 48. Kc2 Ne6 49. Ra7 Nf4 50. b5 Ng2 51. Ra6 Ne1+ 52. Kc1 Nd3+ 53. Kb1 1-0

[Event "Budapest Spring op 28th"]
[Site "Budapest"]
[Date "2012.03.26"]
[Round "1"]
[White "Pogats, Jozsef Jr"]
[Black "Varga, Melinda"]
[Result "0-1"]
[WhiteElo "1843"]
[BlackElo "2172"]
[PlyCount "62"]
[EventDate "2012.03.26"]
[EventType "swiss"]
[EventRounds "9"]
[EventCountry "HUN"]
[SourceTitle "CBM 147 Extra"]
[Source "ChessBase"]
[SourceDate "2012.04.24"]
[SourceVersion "1"]
[SourceVersionDate "2012.04.24"]
[SourceQuality "1"]

1. e4 c6 2. d4 d5 3. exd5 cxd5 4. c4 Nf6 5. Nc3 g6 6. cxd5 Bg7 7. Bc4 0-0 8. Nf3 Nbd7 9. 0-0 Nb6 10. Bb3 Nfxd5 11. Nxd5 Nxd5 12. Bg5 Nf6 13. Re1 Bg4 14. d5 Qd7 15. h3 Bh5 16. Bxf6 Bxf3 17. Qxf3 Bxf6 18. Rab1 a5 19. a3 a4 20. Ba2 Qd6 21. Qe2 Rfc8 22. Red1 Ra5 23. b4 axb3 24. Rxb3 Rxd5 25. Rbd3 Rxd3 26. Qxd3 Qxd3 27. Rxd3 Rc1+ 28. Kh2 Rc2 29. Bd5 Be5+ 30. g3 Rxf2+ 31. Kg1 Rb2 0-1

[Event "Budapest FS08 FM-B"]
[Site "Budapest"]
[Date "2011.08.14"]
[Round "9"]
[White "Breen, Anthony"]
[Black "Pogats, Jozsef Jr"]
[Result "1-0"]
[WhiteElo "1663"]
[BlackElo "1879"]
[PlyCount "73"]
[EventDate "2011.08.06"]
[EventType "tourn"]
[EventRounds "10"]
[EventCountry "HUN"]
[SourceTitle "CBM 143 Extra"]
[Source "ChessBase"]
[SourceDate "2011.08.29"]
[SourceVersion "1"]
[SourceVersionDate "2011.08.29"]
[SourceQuality "1"]

1. d4 Nf6 2. c4 g6 3. Nc3 Bg7 4. e4 d6 5. Nf3 0-0 6. Be2 e5 7. 0-0 Nc6 8. d5 Ne7 9. b4 c5 10. bxc5 dxc5 11. Be3 b6 12. h3 Ne8 13. a4 f5 14. Bg5 h6 15. Bxe7 Qxe7 16. a5 Rb8 17. axb6 Rxb6 18. Qc2 Rb8 19. Qa4 a6 20. Rfb1 Rxb1+ 21. Rxb1 Nd6 22. Nd2 fxe4 23. Ncxe4 Bf5 24. Bd3 Bxe4 25. Bxe4 Qg5 26. Qd1 Qf4 27. Qe2 Nxe4 28. Nxe4 g5 29. Nxc5 Qf5 30. Ra1 e4 31. Rd1 Be5 32. Nxe4 Qf4 33. g3 Qf5 34. Kg2 Rb8 35. Qg4 Qf7 36. c5 Rb4 37. Nf6+ 1-0

[Event "Budapest FS08 FM-B"]
[Site "Budapest"]
[Date "2011.08.11"]
[Round "6"]
[White "Pogats, Jozsef Jr"]
[Black "Balla, Attila"]
[Result "1/2-1/2"]
[WhiteElo "1879"]
[BlackElo "1722"]
[PlyCount "25"]
[EventDate "2011.08.06"]
[EventType "tourn"]
[EventRounds "10"]
[EventCountry "HUN"]
[SourceTitle "CBM 143 Extra"]
[Source "ChessBase"]
[SourceDate "2011.08.29"]
[SourceVersion "1"]
[SourceVersionDate "2011.08.29"]
[SourceQuality "1"]

1. e4 e5 2. Nf3 Nc6 3. Bb5 a6 4. Ba4 Nf6 5. 0-0 b5 6. Bb3 Bb7 7. d3 Bc5 8. c3 d6 9. h3 0-0 10. Nbd2 Bb6 11. Re1 Ne7 12. Nf1 Ng6 13. Ng3 1/2-1/2

[Event "Budapest FS08 FM-B"]
[Site "Budapest"]
[Date "2011.08.09"]
[Round "4"]
[White "Pogats, Jozsef Jr"]
[Black "Breen, Anthony"]
[Result "0-1"]
[WhiteElo "1879"]
[BlackElo "1663"]
[PlyCount "60"]
[EventDate "2011.08.06"]
[EventType "tourn"]
[EventRounds "10"]
[EventCountry "HUN"]
[SourceTitle "CBM 143 Extra"]
[Source "ChessBase"]
[SourceDate "2011.08.29"]
[SourceVersion "1"]
[SourceVersionDate "2011.08.29"]
[SourceQuality "1"]

1. Nf3 e6 2. g3 d5 3. d4 f5 4. Bg2 Nf6 5. 0-0 Bd6 6. b3 Qe7 7. Bb2 0-0 8. c4 c6 9. e3 Nbd7 10. Nc3 b6 11. Nd2 Bb7 12. f3 e5 13. dxe5 Nxe5 14. cxd5 cxd5 15. e4 Ba6 16. Ne2 Bc5+ 17. Kh1 Nd3 18. Bd4 fxe4 19. fxe4 Ng4 20. Qb1 Bxd4 21. Nxd4 Ndf2+ 22. Kg1 Bxf1 23. Nxf1 Qb4 24. Qb2 Nd3 25. Nc2 Qc5+ 26. Qd4 Qxc2 27. e5 Ngxe5 28. Bxd5+ Kh8 29. Bxa8 Rxa8 30. Ne3 Nf3+ 0-1

[Event "Budapest Spring op 25th"]
[Site "Budapest"]
[Date "2009.03.20"]
[Round "1"]
[White "Pogats, Jozsef Jr"]
[Black "Sebestyen, Balazs"]
[Result "0-1"]
[WhiteElo "1958"]
[BlackElo "2283"]
[PlyCount "74"]
[EventDate "2009.03.20"]
[EventType "swiss"]
[EventRounds "9"]
[EventCountry "HUN"]
[SourceTitle "CBM 129 Extra"]
[Source "ChessBase"]
[SourceDate "2009.05.05"]
[SourceVersion "2"]
[SourceVersionDate "2009.05.20"]
[SourceQuality "1"]

1. e4 e6 2. d4 d5 3. Nd2 Nc6 4. Ngf3 Nf6 5. e5 Nd7 6. Bb5 a6 7. Be2 f6 8. exf6 Qxf6 9. Nb3 Bd6 10. 0-0 0-0 11. c3 e5 12. dxe5 Ndxe5 13. Qxd5+ Be6 14. Qd1 Rad8 15. Nbd4 Nxf3+ 16. Bxf3 Bc4 17. Be2 Bxe2 18. Qxe2 Nxd4 19. cxd4 Qxd4 20. Be3 Qe5 21. g3 Rde8 22. Qc4+ Kh8 23. Bd4 Qf5 24. Qc3 Re7 25. Rae1 c5 26. Be3 h5 27. Bh6 Qg6 28. Rxe7 Bxe7 29. Be3 Qf5 30. Re1 h4 31. Bf4 Bf6 32. Qf3 Bd4 33. Qxb7 g5 34. Qxa6 gxf4 35. Qh6+ Kg8 36. Qxh4 Bxf2+ 37. Kxf2 fxg3+ 0-1

[Event "Budapest Spring op 24th"]
[Site "Budapest"]
[Date "2008.03.27"]
[Round "7"]
[White "Pogats, Jozsef Jr"]
[Black "Feher, Laszlo1111"]
[Result "0-1"]
[WhiteElo "1970"]
[BlackElo "1840"]
[PlyCount "112"]
[EventDate "2008.03.21"]
[EventType "swiss"]
[EventRounds "9"]
[EventCountry "HUN"]
[SourceTitle "CBM 123 Extra"]
[Source "ChessBase"]
[SourceDate "2008.05.06"]
[SourceVersion "1"]
[SourceVersionDate "2008.05.06"]
[SourceQuality "1"]

1. e4 g6 2. d4 Bg7 3. Nc3 d6 4. Nf3 Nf6 5. Be2 c6 6. a4 a5 7. 0-0 0-0 8. h3 Nbd7 9. Be3 Qc7 10. Qd2 Rb8 11. Rad1 Nb6 12. Ne1 Bd7 13. f4 Nc8 14. Nf3 b5 15. axb5 cxb5 16. e5 Ne8 17. g4 f5 18. g5 b4 19. Nb1 d5 20. Rc1 Nb6 21. b3 e6 22. c4 Qb7 23. Qc2 Rc8 24. Qa2 Ra8 25. c5 Nc8 26. h4 Ne7 27. h5 Rf7 28. Nh4 Nc7 29. Rf2 Rff8 30. Bd1 Rfb8 31. hxg6 hxg6 32. Rfc2 Kf7 33. c6 Bxc6 34. Rc5 a4 35. bxa4 Na6 36. Rxc6 Nxc6 37. Qe2 Rh8 38. Nf3 Rh3 39. Qb5 Nd8 40. Kg2 Rh8 41. Be2 Re8 42. Qxb7+ Nxb7 43. Bxa6 Rxa6 44. Rc7+ Re7 45. Rxe7+ Kxe7 46. Nh4 Kf7 47. Kf2 Bf8 48. Nf3 Rxa4 49. Nfd2 Ra1 50. Ke2 Na5 51. Kd1 Nc4 52. Ke2 Nxe3 53. Kxe3 b3 54. Kd3 Bb4 55. Nc3 b2 56. Ndb1 Bxc3 0-1